奧本海默 / (Record no. 7571)
[ view plain ]
| 000 -LEADER | |
|---|---|
| fixed length control field | 01488cam a2200445 i 4500 |
| 001 - CONTROL NUMBER | |
| control field | .b2726872x |
| 003 - CONTROL NUMBER IDENTIFIER | |
| control field | YEEZEN |
| 005 - DATE AND TIME OF LATEST TRANSACTION | |
| control field | 20240503094532.0 |
| 008 - FIXED-LENGTH DATA ELEMENTS--GENERAL INFORMATION | |
| fixed length control field | 230807s2023 ch a e b 000 0bchi d |
| 020 ## - INTERNATIONAL STANDARD BOOK NUMBER | |
| International Standard Book Number | 9786263539051 |
| Qualifying information | (上冊; |
| -- | 平裝) : |
| Terms of availability | 新臺幣620元 |
| 020 ## - INTERNATIONAL STANDARD BOOK NUMBER | |
| International Standard Book Number | 9786263539068 |
| Qualifying information | (下冊; |
| -- | 平裝) : |
| Terms of availability | 新臺幣580元 |
| 020 ## - INTERNATIONAL STANDARD BOOK NUMBER | |
| International Standard Book Number | 4712966629756 |
| Qualifying information | (一套; |
| -- | 平裝) : |
| Terms of availability | 新臺幣1200元 |
| 040 ## - CATALOGING SOURCE | |
| Original cataloging agency | PTTCL |
| Language of cataloging | chi |
| Transcribing agency | PTTCL |
| Modifying agency | TWFJU |
| Description conventions | ccr |
| 041 1# - LANGUAGE CODE | |
| Language code of text/sound track or separate title | chi |
| Language code of original | eng |
| 042 ## - AUTHENTICATION CODE | |
| Authentication code | nbic |
| 082 ## - DEWEY DECIMAL CLASSIFICATION NUMBER | |
| Classification number | 785.28 |
| 090 ## - LOCALLY ASSIGNED LC-TYPE CALL NUMBER (OCLC); LOCAL CALL NUMBER (RLIN) | |
| Classification number (OCLC) (R) ; Classification number, CALL (RLIN) (NR) | 785.28 |
| 100 1# - MAIN ENTRY--PERSONAL NAME | |
| Personal name | 柏德 |
| Titles and words associated with a name | (Bird, Kai) |
| 240 10 - UNIFORM TITLE | |
| Uniform title | American Prometheus. |
| Language of a work | 中文 |
| 245 10 - TITLE STATEMENT | |
| Title | 奧本海默 / |
| Statement of responsibility, etc. | 凱.柏德(Kai Bird), 馬丁.薛文(Martin J. Sherwin)著 ; 林鶯譯 |
| 250 ## - EDITION STATEMENT | |
| Edition statement | 一版 |
| 260 ## - PUBLICATION, DISTRIBUTION, ETC. | |
| Place of publication, distribution, etc. | 臺北市 : |
| Name of publisher, distributor, etc. | 時報文化, |
| Date of publication, distribution, etc. | 2023.07 |
| 300 ## - PHYSICAL DESCRIPTION | |
| Extent | 2冊 : |
| Other physical details | 圖 ; |
| Dimensions | 21公分 |
| 490 1# - SERIES STATEMENT | |
| Series statement | People ; |
| Volume/sequential designation | 498-499. |
| 500 ## - GENERAL NOTE | |
| General note | 譯自: American Prometheus : the triumph and tragedy of J. Robert Oppenheimer. |
| 504 ## - BIBLIOGRAPHY, ETC. NOTE | |
| Bibliography, etc. note | 含參考書目 |
| 505 0# - FORMATTED CONTENTS NOTE | |
| Formatted contents note | 上冊, 原子彈的誕生 -- 下冊, 國家英雄隕落 |
| 600 17 - SUBJECT ADDED ENTRY--PERSONAL NAME | |
| Personal name | 奧本海默 |
| Titles and other words associated with a name | (Oppenheimer, J. Robert, |
| Dates associated with a name | 1904-1967) |
| Source of heading or term | lcstt. |
| 650 #7 - SUBJECT ADDED ENTRY--TOPICAL TERM | |
| Topical term or geographic name entry element | 物理學 |
| Source of heading or term | lcstt. |
| 650 #7 - SUBJECT ADDED ENTRY--TOPICAL TERM | |
| Topical term or geographic name entry element | 傳記 |
| Source of heading or term | lcstt. |
| 651 #7 - SUBJECT ADDED ENTRY--GEOGRAPHIC NAME | |
| Geographic name | 美國 |
| Source of heading or term | lcstt. |
| 700 1# - ADDED ENTRY--PERSONAL NAME | |
| Personal name | Bird, Kai. |
| 700 1# - ADDED ENTRY--PERSONAL NAME | |
| Personal name | 薛文 |
| Titles and other words associated with a name | (Sherwin, Martin J.) |
| 700 1# - ADDED ENTRY--PERSONAL NAME | |
| Personal name | Sherwin, Martin J. |
| 700 1# - ADDED ENTRY--PERSONAL NAME | |
| Personal name | 林, 鶯 |
| 740 2# - ADDED ENTRY--UNCONTROLLED RELATED/ANALYTICAL TITLE | |
| Uncontrolled related/analytical title | 原子彈的誕生 |
| 740 2# - ADDED ENTRY--UNCONTROLLED RELATED/ANALYTICAL TITLE | |
| Uncontrolled related/analytical title | 國家英雄隕落 |
| 830 #0 - SERIES ADDED ENTRY--UNIFORM TITLE | |
| Uniform title | People ; |
| Volume/sequential designation | 498-499. |
| 942 ## - ADDED ENTRY ELEMENTS (KOHA) | |
| Source of classification or shelving scheme | 中文圖書分類法 |
| Koha item type | 一般圖書 |
| 撤銷狀態 | 遺失狀態 | 分類號來源 | 損壞狀態 | 不外借 | 永久館藏地 | 現在館藏地 | 採購日期 | 全部借出 | 全部續借 | 完整索書號 | 條碼號 | 最後一次日期記錄 | Date last checked out | 一般價格有效日期 | Koha館藏類型 | 公開資訊 | 書架位置 |
|---|---|---|---|---|---|---|---|---|---|---|---|---|---|---|---|---|---|
| 未註銷館藏 | 未遺失 | 中文圖書分類法 | 未損毀 | 可外借 | 怡仁綜合醫院圖書館 | 怡仁綜合醫院圖書館 | 2024-05-03 | 2 | 2 | 785.28 | C03151 | 2024-07-30 | 2024-07-02 | 2024-05-03 | 一般圖書 | 奧本海默 上:原子彈的誕生 他是美國的普羅米修斯,「原子彈之父」,戰爭期間為他的國家帶頭努力從大自然攫取令人敬畏的太陽之火。之後,他明智道出其中的危險,也對潛在的助益懷抱希望。…但,奧本海默的警告無人理會,最後,他被消音了,成為麥卡錫主義和美國反共聖戰中最著名的受害者。 | |
| 未註銷館藏 | 未遺失 | 中文圖書分類法 | 未損毀 | 可外借 | 怡仁綜合醫院圖書館 | 怡仁綜合醫院圖書館 | 2024-05-03 | 2 | 1 | 785.28 | C03152 | 2024-08-29 | 2024-08-28 | 2024-05-03 | 一般圖書 | 奧本海默 下:國家英雄殞落 他是美國的普羅米修斯,「原子彈之父」,戰爭期間為他的國家帶頭努力從大自然攫取令人敬畏的太陽之火。之後,他明智道出其中的危險,也對潛在的助益懷抱希望。…但,奧本海默的警告無人理會,最後,他被消音了,成為麥卡錫主義和美國反共聖戰中最著名的受害者。 |